000 00535cam a2200169ua 4500
001 6001
008 131030n xxk |||gr||||Z||||||eng
040 _cMAIN
082 _a940
100 _aTanner,Emmeline M,
_eAuthor.,
245 _aThe Renaissance and The Reformation :
_b A Textbook of European History 1490-1610 /
_cby Emmeline M. Tanner .
260 _aBritain:
_bOxford ,
_c1959.
653 _aHistory of Europe
653 _aRenaissance and The Reformation
653 _aA Textbook of European History 1490-1610
942 _cBK
999 _c5155
_d5155